000 00973nam a22002777a 4500
001 BR9406914
003 BR-BrBNA
005 20230928094352.0
007 ta
008 230509b bl.||||| |||| 00| 0 por d
040 _aBR-BrBNA
_bpor
_cBiblioteca Nacional de Agricultura
041 _a(Por)
072 _aK10; E20; E11
090 _ K10 BR9406914
110 1 _aInstituto Brasileiro de Desenvolvimento Florestal, Rio de Janeiro, RJ (Brasil)
_95750
111 1 _aSeminario sobre Planejamento do Desenvolvimento Florestal e do Uso da Terra
_cRio de Janeiro, RJ (Brazil)
_d11-14 Oct 1977
245 1 _aAnais do Seminario sobre Planejamento do Desenvolvimento Florestal e do Uso da Terra v. 2
260 3 _aRio de Janeiro, RJ (Brasil):
_c1977.
300 _a301 p.
650 _aPlanejamento Florestal
650 _aUso da Terra
650 _aPolitica Governamental
650 _aDesenvolvimento Florestal
909 _a202309
_bLucia
_c55
_dLucia Elande
942 _cBK
999 _c50341
_d50341